000 00816nam a22002297a 4500
003 UA-OsUOA
001 49903
007 ta
008 20140425b un ||||| |||| 00| 0 ukr d
090 _a94(477).152 США
_bП81
942 _cBK
040 _aUA-OsUOA
_bukr
_cUA-OsUOA
_dUA-OsUOA
245 _aПропам'ятна книга з нагоди 50-ліття Школи Українознавства Товариства "Рідна Школа" Клівленд - Парма, Огайо, США
300 _a204 с.
955 _a4
041 _aukr
080 _a94(477).152 США
260 _c2003
650 7 _a9 Географія. Біографії. Історія
_2UDC
999 _c430023
_d430023